| 000 | 00674nam a2200229 a 4500 | ||
|---|---|---|---|
| 999 |
_c4083 _d4083 |
||
| 001 | 4083 | ||
| 003 | BD-JhCC | ||
| 005 | 20171122192924.0 | ||
| 008 | 171122s1992 bg ||||| |||| 00| 0 ben d | ||
| 020 | _a9844220106 | ||
| 035 | _a(BD-JhCC) | ||
| 040 |
_aBD-JhCC _dBD-JhCC |
||
| 041 | _aben | ||
| 082 |
_a891.4415 _bSHA 1992 |
||
| 100 | _aসাহা, অসীম | ||
| 245 |
_aরুদ্র মুহম্মদ শহিদুল্লাহর / _cঅসীম সাহা |
||
| 260 |
_aঢাকা : _bবিদ্যাপ্রকাশ, _c১৯৯২ |
||
| 300 |
_a219 p. : _c22 cm. |
||
| 650 | _aCollection of works | ||
| 942 |
_2ddc _cBK |
||